[Event "Scarborough CC-ch"]
[Site "Toronto"]
[Date "2019.04.04"]
[Round "1.9"]
[White "Uthayakumar, Ronan"]
[Black "Hay, Jonathan"]
[Result "0-1"]
[WhiteElo "1731"]
[BlackElo "2051"]
[PlyCount "114"]
[EventDate "2019.04.04"]
[EventType "swiss"]
[EventRounds "8"]
[EventCountry "CAN"]
[SourceTitle "EXT 2022"]
[Source "ChessBase"]
[SourceDate "2021.10.06"]
[SourceVersion "1"]
[SourceVersionDate "2021.10.06"]
[SourceQuality "1"]

1. e4 c6 2. d4 d5 3. Nc3 dxe4 4. Nxe4 Bf5 5. Ng3 Bg6 6. h4 h6 7. h5 Bh7 8. Nf3 e6 9. Bd3 Bxd3 10. Qxd3 Nf6 11. Bd2 Be7 12. 0-0-0 0-0 13. Ne4 Nxe4 14. Qxe4 Qd5 15. Qg4 Kh8 16. Kb1 Nd7 17. Qh3 Nf6 18. g4 Ne4 19. Be3 Qb5 20. Rd3 c5 21. dxc5 Bxc5 22. Nd4 Qb6 23. f3 Ng5 24. Bxg5 Bxd4 25. Bc1 Rac8 26. g5 hxg5 27. h6 g6 28. Qg4 Bf6 29. h7 Rfd8 30. Rxd8+ Qxd8 31. Qe4 Qd5 32. Qe2 a5 33. Rd1 Qc6 34. Rd3 Kxh7 35. f4 g4 36. Qh2+ Kg7 37. c3 Qe4 38. Qg3 Rd8 39. Kc2 Bh4 40. Qe3 Qf5 41. Qe5+ Qxe5 42. fxe5 Rxd3 43. Kxd3 g3 44. Be3 g5 45. Ke2 Kg6 46. Kf3 Kf5 47. Bd4 g4+ 48. Kg2 Kf4 49. b4 Bd8 50. b5 Bc7 51. c4 Bxe5 52. Bb6 Ke4 53. Bxa5 Kd4 54. Be1 Kxc4 55. a4 f5 56. Bd2 f4 57. b6 f3+ 0-1

[Event "CAN-ch U20 op"]
[Site "Toronto"]
[Date "2018.08.11"]
[Round "6.12"]
[White "Liu, Harrison"]
[Black "Uthayakumar, Ronan"]
[Result "1-0"]
[WhiteElo "1787"]
[BlackElo "1854"]
[PlyCount "91"]
[EventDate "2018.08.08"]
[EventType "swiss"]
[EventRounds "9"]
[EventCountry "CAN"]
[SourceTitle "EXT 2022"]
[Source "ChessBase"]
[SourceDate "2021.10.06"]
[SourceVersion "1"]
[SourceVersionDate "2021.10.06"]
[SourceQuality "1"]

1. e4 c5 2. Ne2 Nc6 3. d4 cxd4 4. Nxd4 g6 5. Nc3 Bg7 6. Be3 Nf6 7. Be2 0-0 8. Nb3 d6 9. 0-0 Be6 10. f4 Rc8 11. f5 Bd7 12. Qd2 Ne5 13. Bh6 Nc4 14. Bxc4 Rxc4 15. Bxg7 Kxg7 16. Rae1 Qc7 17. Qe3 b5 18. Nd2 Rc5 19. Qd4 b4 20. Nd5 Qb7 21. Nxe7 Bb5 22. Nd5 Rxd5 23. exd5 Bxf1 24. Nxf1 Qxd5 25. Qxd5 Nxd5 26. Rd1 Nb6 27. fxg6 hxg6 28. Rxd6 Rc8 29. Ne3 Nc4 30. Nxc4 Rxc4 31. Rd2 Rc5 32. Kf2 Ra5 33. c4 Rxa2 34. c5 b3 35. Ke3 Ra1 36. Kd4 Rc1 37. Rd3 Rc2 38. Rxb3 Kf6 39. Rc3 Rxb2 40. c6 Rb8 41. c7 Rc8 42. Kd5 Ke7 43. Kc6 f5 44. Re3+ Kf6 45. Kb7 f4 46. Rd3 1-0

[Event "Aurora Spring op U2000"]
[Site "Aurora"]
[Date "2018.03.25"]
[Round "5.8"]
[White "Wang, Eric1"]
[Black "Uthayakumar, Ronan"]
[Result "1/2-1/2"]
[WhiteElo "1663"]
[BlackElo "1794"]
[PlyCount "72"]
[EventDate "2018.03.24"]
[EventType "swiss"]
[EventRounds "5"]
[EventCountry "CAN"]
[SourceTitle "EXT 2022"]
[Source "ChessBase"]
[SourceDate "2021.10.06"]
[SourceVersion "1"]
[SourceVersionDate "2021.10.06"]
[SourceQuality "1"]

1. c4 e5 2. Nc3 Nf6 3. Nf3 Nc6 4. d4 exd4 5. Nxd4 Be7 6. g3 d5 7. Nxc6 bxc6 8. Bg2 Be6 9. 0-0 0-0 10. Bg5 Rb8 11. Qc2 h6 12. Bf4 Bd6 13. Bxd6 Qxd6 14. Rfd1 Qb4 15. cxd5 cxd5 16. Nxd5 Nxd5 17. Bxd5 Bxd5 18. Rxd5 Qxb2 19. Qxb2 Rxb2 20. Ra5 Rc8 21. Rxa7 c5 22. Rc1 c4 23. Ra3 Rxe2 24. Rac3 Re4 25. Kf1 Ra8 26. Rxc4 Rxc4 27. Rxc4 Rxa2 28. h4 g5 29. hxg5 hxg5 30. Rg4 f6 31. Rb4 Kg7 32. g4 Kf7 33. Rb7+ Ke6 34. Kg2 Ra3 35. f3 Rd3 36. Kg3 Rd5 1/2-1/2

[Event "Scarborough CC Jack Frost"]
[Site "Toronto"]
[Date "2018.02.15"]
[Round "6.5"]
[White "Manalo, Pepin"]
[Black "Uthayakumar, Ronan"]
[Result "1-0"]
[WhiteElo "1884"]
[BlackElo "1867"]
[PlyCount "65"]
[EventDate "2018.01.11"]
[EventType "swiss"]
[EventRounds "6"]
[EventCountry "CAN"]
[SourceTitle "EXT 2022"]
[Source "ChessBase"]
[SourceDate "2021.10.06"]
[SourceVersion "1"]
[SourceVersionDate "2021.10.06"]
[SourceQuality "1"]

1. d4 d5 2. Nf3 e6 3. e3 Nf6 4. Bd3 c5 5. b3 Be7 6. Bb2 Nc6 7. a3 0-0 8. Nbd2 b6 9. 0-0 Bb7 10. Ne5 Nxe5 11. dxe5 Ne4 12. f4 Qc7 13. Bxe4 dxe4 14. Qg4 Rad8 15. Rf2 Rd7 16. Re1 Rfd8 17. Nc4 b5 18. Nd6 Qa5 19. Ref1 Bxd6 20. exd6 f5 21. Qg5 Bd5 22. Be5 Rf8 23. g4 Qxa3 24. Rg2 Qa6 25. gxf5 Rxf5 26. Qh6 Qb7 27. Kh1 Rff7 28. Rfg1 c4 29. b4 a6 30. Qh5 Kf8 31. Qxh7 Ke8 32. Qh5 Qc6 33. Rxg7 1-0

[Event "Scarborough CC Falling Leaves"]
[Site "Toronto"]
[Date "2017.11.30"]
[Round "5.6"]
[White "Feng, Richard"]
[Black "Uthayakumar, Ronan"]
[Result "0-1"]
[WhiteElo "1899"]
[BlackElo "1812"]
[PlyCount "50"]
[EventDate "2017.11.02"]
[EventType "swiss"]
[EventRounds "7"]
[EventCountry "CAN"]
[SourceTitle "EXT 2022"]
[Source "ChessBase"]
[SourceDate "2021.10.06"]
[SourceVersion "1"]
[SourceVersionDate "2021.10.06"]
[SourceQuality "1"]

1. e4 c5 2. Nf3 Nc6 3. d4 cxd4 4. Nxd4 g6 5. c4 Nf6 6. Nc3 Nxd4 7. Qxd4 d6 8. Bg5 Bg7 9. Nd5 0-0 10. Nxf6+ exf6 11. Bf4 f5 12. Qd2 Re8 13. 0-0-0 Qf6 14. Bg5 Qe5 15. f4 Qxe4 16. Qxd6 Be6 17. Bd3 Qxg2 18. Qb4 b5 19. Rhg1 Qf2 20. c5 Bxa2 21. Bxb5 Re4 22. Qa3 Bxb2+ 23. Qxb2 Qxc5+ 24. Bc4 Rxc4+ 25. Kd2 Qf2+ 0-1

[Event "Scarborough CC Howard Ridout"]
[Site "Toronto"]
[Date "2017.10.26"]
[Round "7.8"]
[White "Sharpe, Sam"]
[Black "Uthayakumar, Ronan"]
[Result "1-0"]
[WhiteElo "1955"]
[BlackElo "1843"]
[PlyCount "61"]
[EventDate "2017.09.14"]
[EventType "swiss"]
[EventRounds "7"]
[EventCountry "CAN"]
[SourceTitle "EXT 2022"]
[Source "ChessBase"]
[SourceDate "2021.10.06"]
[SourceVersion "1"]
[SourceVersionDate "2021.10.06"]
[SourceQuality "1"]

1. f4 d5 2. Nf3 Nf6 3. e3 Bg4 4. Be2 Bxf3 5. Bxf3 e6 6. b3 Bd6 7. Bb2 Nbd7 8. d4 Qe7 9. Nd2 c6 10. Qe2 0-0-0 11. c4 Kb8 12. c5 Bc7 13. b4 Ka8 14. a4 h6 15. Bc3 g5 16. g3 gxf4 17. gxf4 h5 18. b5 Ng4 19. h4 f5 20. a5 cxb5 21. a6 b6 22. Qxb5 Nb8 23. cxb6 Bxb6 24. Nc4 Qc7 25. Ba5 Bxa5+ 26. Nxa5 Qc3+ 27. Kf1 Qxa1+ 28. Kg2 Qa2+ 29. Be2 Nxe3+ 30. Kf3 Qxe2+ 31. Kxe2 1-0

[Event "Scarborough CC Howard Ridout"]
[Site "Toronto"]
[Date "2017.10.05"]
[Round "4.3"]
[White "Lei, Sean"]
[Black "Uthayakumar, Ronan"]
[Result "1-0"]
[WhiteElo "2117"]
[BlackElo "1843"]
[PlyCount "101"]
[EventDate "2017.09.14"]
[EventType "swiss"]
[EventRounds "7"]
[EventCountry "CAN"]
[SourceTitle "EXT 2022"]
[Source "ChessBase"]
[SourceDate "2021.10.06"]
[SourceVersion "1"]
[SourceVersionDate "2021.10.06"]
[SourceQuality "1"]

1. e4 c5 2. Nf3 Nc6 3. c3 Nf6 4. e5 Nd5 5. d4 cxd4 6. Bc4 Nb6 7. Bb3 d6 8. exd6 Qxd6 9. cxd4 e6 10. Nc3 Be7 11. 0-0 0-0 12. Nb5 Qb4 13. Nc7 Rb8 14. Bd2 Qd6 15. Nb5 Qd8 16. Bf4 Ra8 17. Nc7 Rb8 18. d5 exd5 19. Nxd5 Bd6 20. Nf6+ Qxf6 21. Qxd6 Be6 22. Bxe6 fxe6 23. Bg5 Qg6 24. Qg3 Rf5 25. Bf4 Qxg3 26. Bxg3 Rd8 27. Rfe1 Kf7 28. Bh4 Rdd5 29. Re4 h6 30. Rae1 e5 31. Bg3 Ke6 32. Nh4 Rf6 33. f4 g5 34. fxe5 Rf7 35. Nf3 Nd7 36. h4 Rf5 37. hxg5 hxg5 38. Kh2 Ndxe5 39. Bxe5 Nxe5 40. Nd4+ Kf6 41. Nxf5 Kxf5 42. R1e2 Ng4+ 43. Kg1 Rd1+ 44. Re1 Rd2 45. R4e2 Rd3 46. Re7 Kf4 47. Rxb7 Kg3 48. Rh7 Nf2 49. Rf1 Rd2 50. Rxf2 Rxf2 51. Rh3+ 1-0

[Event "Montreal op U2000"]
[Site "Montreal"]
[Date "2016.09.10"]
[Round "3.19"]
[White "Uthayakumar, Ronan"]
[Black "Kaneshalingam, Mathanhe"]
[Result "1/2-1/2"]
[WhiteElo "1849"]
[BlackElo "1694"]
[PlyCount "51"]
[EventDate "2016.09.09"]
[EventType "swiss"]
[EventRounds "5"]
[EventCountry "CAN"]
[SourceTitle "EXT 2022"]
[Source "ChessBase"]
[SourceDate "2021.10.06"]
[SourceVersion "1"]
[SourceVersionDate "2021.10.06"]
[SourceQuality "1"]

1. e4 c5 2. Nf3 Nc6 3. d4 cxd4 4. Nxd4 g6 5. Be2 Bg7 6. Nb3 Nf6 7. Nc3 d6 8. 0-0 0-0 9. Be3 Bd7 10. f4 a6 11. Bf3 Rb8 12. a4 Qc7 13. Qd2 Rfe8 14. Qf2 b6 15. h3 Nb4 16. Rfd1 Be6 17. Kh2 Nd7 18. Bd4 Bxb3 19. cxb3 Bxd4 20. Rxd4 Nc6 21. Nd5 Qb7 22. e5 e6 23. Nb4 d5 24. Nxc6 Qxc6 25. Rc4 Qb7 26. Rac1 1/2-1/2

[Event "Windsor NAYCC U14"]
[Site "Windsor"]
[Date "2016.08.11"]
[Round "8.69"]
[White "Yaskolko, Maxim"]
[Black "Uthayakumar, Ronan"]
[Result "1/2-1/2"]
[WhiteElo "2014"]
[BlackElo "1541"]
[PlyCount "76"]
[EventDate "2016.08.07"]
[EventType "swiss"]
[EventRounds "9"]
[EventCountry "CAN"]
[SourceTitle "EXT 2022"]
[Source "ChessBase"]
[SourceDate "2021.10.06"]
[SourceVersion "1"]
[SourceVersionDate "2021.10.06"]
[SourceQuality "1"]

1. e4 c5 2. Nf3 Nc6 3. d4 cxd4 4. Nxd4 g6 5. c4 Bg7 6. Be3 Nf6 7. Nc3 d6 8. Be2 0-0 9. 0-0 Bd7 10. f3 Rc8 11. Qd2 a6 12. Rac1 h5 13. b3 Kh7 14. Nd5 Nxd5 15. exd5 Nxd4 16. Bxd4 Bxd4+ 17. Qxd4 Qa5 18. Qb2 b5 19. Rfe1 Rfe8 20. Bd3 bxc4 21. Bxc4 Bb5 22. Bxb5 Qxb5 23. Rxc8 Rxc8 24. Rxe7 Qc5+ 25. Qf2 Qxd5 26. h3 Kg8 27. Re2 Qc5 28. Qxc5 dxc5 29. Rc2 a5 30. a3 f5 31. b4 axb4 32. axb4 c4 33. Kf2 c3 34. Ke3 Rb8 35. Rxc3 Rxb4 36. f4 Kf7 37. Kf3 h4 38. Rc7+ Kg8 1/2-1/2

[Event "Windsor NAYCC U14"]
[Site "Windsor"]
[Date "2016.08.10"]
[Round "6.67"]
[White "Uthayakumar, Ronan"]
[Black "Liu, Kevin1"]
[Result "0-1"]
[WhiteElo "1541"]
[BlackElo "1802"]
[PlyCount "90"]
[EventDate "2016.08.07"]
[EventType "swiss"]
[EventRounds "9"]
[EventCountry "CAN"]
[SourceTitle "EXT 2022"]
[Source "ChessBase"]
[SourceDate "2021.10.06"]
[SourceVersion "1"]
[SourceVersionDate "2021.10.06"]
[SourceQuality "1"]

1. e4 c5 2. Nf3 e6 3. d4 cxd4 4. Nxd4 a6 5. Nc3 Nc6 6. Be2 Nf6 7. 0-0 Bb4 8. Nxc6 bxc6 9. e5 Nd5 10. Bd2 Nxc3 11. bxc3 Bc5 12. Kh1 0-0 13. Bd3 Qh4 14. f4 f5 15. exf6 Rxf6 16. Rf3 Rh6 17. Rh3 Qf6 18. Rxh6 Qxh6 19. f5 Qh4 20. fxe6 Bd6 21. Qg1 dxe6 22. g3 Qh5 23. Qg2 Bd7 24. Be4 Rf8 25. Bxc6 Bxc6 26. Qxc6 Rf2 27. h4 Rxd2 28. Qc8+ Bf8 29. Qxe6+ Qf7 30. Qxf7+ Kxf7 31. Rb1 Rxc2 32. a4 Rxc3 33. Rb7+ Be7 34. Ra7 Rxg3 35. Rxa6 Rh3+ 36. Kg2 Rxh4 37. Ra7 Re4 38. a5 Ra4 39. a6 Ke6 40. Kf3 Kd6 41. Ra8 h6 42. a7 Bf6 43. Kg2 Kc7 44. Rf8 Rxa7 45. Rf7+ Kb6 0-1

[Event "Windsor NAYCC U14"]
[Site "Windsor"]
[Date "2016.08.10"]
[Round "7.73"]
[White "Yie, Kevin Yi Xiao"]
[Black "Uthayakumar, Ronan"]
[Result "1/2-1/2"]
[WhiteElo "1760"]
[BlackElo "1541"]
[PlyCount "55"]
[EventDate "2016.08.07"]
[EventType "swiss"]
[EventRounds "9"]
[EventCountry "CAN"]
[SourceTitle "EXT 2022"]
[Source "ChessBase"]
[SourceDate "2021.10.06"]
[SourceVersion "1"]
[SourceVersionDate "2021.10.06"]
[SourceQuality "1"]

1. d4 Nf6 2. Nf3 d5 3. Bf4 Bf5 4. e3 h6 5. Be2 e6 6. h3 Be7 7. 0-0 0-0 8. c4 Nc6 9. Nc3 dxc4 10. Bxc4 Na5 11. Be2 c5 12. dxc5 Qxd1 13. Rfxd1 Bxc5 14. Rac1 Rac8 15. Bf1 Be7 16. Ne5 Nc6 17. g4 Bh7 18. Bg2 Nxe5 19. Bxe5 b6 20. Nb5 a6 21. Nc3 a5 22. a3 Rfd8 23. Bb7 Rxd1+ 24. Rxd1 Rd8 25. Bc7 Rxd1+ 26. Nxd1 Bc5 27. Nc3 Bc2 28. Bc6 1/2-1/2

[Event "Windsor NAYCC U14"]
[Site "Windsor"]
[Date "2016.08.07"]
[Round "1.58"]
[White "Uthayakumar, Ronan"]
[Black "Liang, Hairan"]
[Result "1-0"]
[WhiteElo "1541"]
[BlackElo "2002"]
[PlyCount "93"]
[EventDate "2016.08.07"]
[EventType "swiss"]
[EventRounds "9"]
[EventCountry "CAN"]
[SourceTitle "EXT 2022"]
[Source "ChessBase"]
[SourceDate "2021.10.06"]
[SourceVersion "1"]
[SourceVersionDate "2021.10.06"]
[SourceQuality "1"]

1. e4 c5 2. Nf3 Nc6 3. d4 cxd4 4. Nxd4 g6 5. Be2 Bg7 6. Nb3 Nf6 7. Nc3 d6 8. 0-0 0-0 9. Re1 Be6 10. Bf1 Rc8 11. Bg5 Ne5 12. Nd5 Nxd5 13. exd5 Bd7 14. c3 h6 15. Bh4 g5 16. Bg3 Qb6 17. Qd2 f5 18. Bxe5 Bxe5 19. Rad1 Ba4 20. h4 Rf7 21. hxg5 hxg5 22. Qxg5+ Kh8 23. Rd3 Rh7 24. Rxe5 dxe5 25. Qxf5 Rg8 26. d6 Qd8 27. Qxe5+ Rgg7 28. Nc5 exd6 29. Rxd6 Qh4 30. f3 Bb5 31. Bxb5 Qh1+ 32. Kf2 Qxg2+ 33. Ke3 Qg1+ 34. Kd3 Qb1+ 35. Kc4 Qf1+ 36. Kb4 Rh4+ 37. Ne4 a5+ 38. Kxa5 b6+ 39. Ka6 Qxf3 40. Rd8+ Kh7 41. Ng5+ Rxg5 42. Rh8+ Kg6 43. Rg8+ Kf7 44. Qe8+ Kf6 45. Rf8+ Kg7 46. Qe7+ Kh6 47. Rxf3 1-0